01865cam a22003734i 4500003000900000005001700009008004100026020001500067020001800082035002000100040003300120082001700153100002800170245008500198264004000283300005500323336002100378337002500399338002300424504003200447505090000479526001001379526001001389526001001399526001001409526000801419526000801427526000801435526000801443526000801451526000801459526000801467650001601475PE-LiUPU20250731173112.0181227s2011 miua r 001 0 eng d a031059846X a9780310598466 a(Sirsi) a251214 aPE-LiUPUbspacPE-LiUPUerda04a200bH492231 aHexham, Irving,eautor.10aUnderstanding world religions :ban interdisciplinary approach /cIrving Hexham. 1aGrand Rapids :bZondervan,c[2018]. a512 páginas :bilustraciones ;c24 centímetros atext2rdacontent aunmediated2rdamedia avolume2rdacarrier aÍndice: páginas 497-5120 aStudying religion -- Introductory issues in the study of religion -- A biased canon -- African traditions -- African religious traditions -- Witchcraft and sorcery -- God in Zulu religion -- The case of Isaiah Shembe -- The yogic tradition -- The origins of yogic religions -- The richness of the Hindu tradition -- Rethinking the Hindu tradition -- Ghandi the great Contrarian -- Buddhism -- The development of Buddhist beliefs and practice -- The moral quest o Edward Conze -- Other yogic-type traditions -- The Abramic tradition -- Early Judaism -- Rabbinic and other Judaisms -- Jewish faith and practice -- Martin Buber's Zionist spirituality -- Christianity -- Christian history -- Christian faith and practice -- Christian politics according to Abraham Kuyper -- The challenge of Islam -- Muslim beliefs and practices -- Muslim piety -- Sayyid Qutb and the rebirth of contemporary Islam. aSEG42 aSEG41 aSEG40 aSEG39 aP94 aP87 aP86 aP85 aP77 aP76 aP35 4aReligiones.